000 00216 a2200097 4500
001 12975
100 _aOliver,P
245 _aWriting Your Thesis
260 _aND
_bVistaar Publicaton, ND
_c2004
090 _c9974
_d9974
942 _aNUST-CAE
_cM
_c36904
999 _c248048
_d248048